000 00330nam a2200157Ia 4500
003 OSt
005 20240101093700.0
008 170524s9999 xx 000 0 und d
020 _a9788120327597
040 _cIIMTU
100 _aWolf Wayne
245 0 _aModern VLSI Design
260 _bPHI
260 _c2005
942 _2ddc
_c02
999 _c5039
_d5039